Statistics for English Imperial Units of Distance

Click here to take the quiz!

General Stats

  • This quiz has been taken 24 times
  • The average score is 11 of 29

Answer Stats

Hints Answers % Correct
63,360 inStandard Mile
90%
36 inYard
90%
12 inFoot
90%
1 inInch
86%
7920 inFurlong
71%
72 inFathom
67%
4 inHand
57%
216,000 inLeague
52%
72,000 inNautical Mile
48%
18 inCubit
29%
3 inPalm
24%
3/4 inDigit
24%
1/12 inLine
24%
60,000 inRoman MIle
24%
240 inRope
24%
2 1/4 inNail
24%
1/72 inPoint
24%
9 inSpan
24%
1/1440 inTwip
24%
30 inPace
19%
2 inStick
19%
60 inStep
19%
6 1/2 in or 6 inShaftment
19%
1200 inRamsden's Chain
19%
7200 inCable
19%
792 inGuntar's Chain
14%
1080 inShackle
14%
1/3 inBarley Coin
14%
1/6 inPicas
14%

Score Distribution

Percentile by Number Answered

Percent of People with Each Score

Your Score History

You have not taken this quiz